[Event "Hvar Arsenal op"]
[Site "Hvar"]
[Date "2022.10.09"]
[Round "3"]
[White "Cvetkovic, Erik"]
[Black "Lazaneo, Djani Ivan"]
[Result "0-1"]
[WhiteElo "1729"]
[BlackElo "1958"]
[PlyCount "47"]
[EventDate "2022.10.08"]
[EventType "swiss"]
[EventRounds "9"]
[EventCountry "CRO"]
[SourceTitle "CBM 210 Extra"]
[Source "ChessBase"]
[SourceDate "2022.11.30"]
[SourceVersion "1"]
[SourceVersionDate "2022.11.30"]
[SourceQuality "1"]

1. d4 e6 2. g3 d5 3. c4 c6 4. Nf3 f5 5. Bg2 Nf6 6. 0-0 Be7 7. Nc3 Nbd7 8. Nd2 0-0 9. f3 e5 10. dxe5 Nxe5 11. cxd5 Nxd5 12. Nxd5 Qxd5 13. Qb3 Qxb3 14. Nxb3 Nc4 15. Rb1 Rd8 16. e4 fxe4 17. fxe4 Bg4 18. a3 Be2 19. Re1 Bd3 20. Ra1 Bc2 21. Nd2 Nxd2 22. Re2 Nb3 23. Ra2 Nxc1 24. Bf1 0-1

[Event "Zadar op-B 21th"]
[Site "Zadar"]
[Date "2014.12.14"]
[Round "1"]
[White "Saric, Kristina"]
[Black "Lazaneo, Djani Ivan"]
[Result "1-0"]
[WhiteElo "2173"]
[BlackElo "1854"]
[PlyCount "41"]
[EventDate "2014.12.14"]
[EventType "swiss"]
[EventRounds "9"]
[EventCountry "CRO"]
[SourceTitle "EXT 2016"]
[Source "ChessBase"]
[SourceDate "2015.10.08"]
[SourceVersion "1"]
[SourceVersionDate "2015.10.08"]
[SourceQuality "1"]

1. e4 c5 2. Nf3 d6 3. d4 cxd4 4. Qxd4 Nc6 5. Bb5 Bd7 6. Bxc6 Bxc6 7. Nc3 Nf6 8. Bg5 e6 9. Qd3 Qc7 10. Nd4 Nd7 11. 0-0-0 a6 12. Rhe1 Rc8 13. f4 h6 14. Bh4 Nc5 15. Qd2 Be7 16. Bxe7 Kxe7 17. Nd5+ Bxd5 18. exd5 g6 19. f5 e5 20. fxg6 fxg6 21. Rxe5+ 1-0

[Event "CRO-chT3 South"]
[Site "Dubrovnik"]
[Date "2013.10.12"]
[Round "5.4"]
[White "Mikecin, Gojko"]
[Black "Lazaneo, Djani Ivan"]
[Result "0-1"]
[WhiteElo "1691"]
[BlackElo "1819"]
[PlyCount "132"]
[EventDate "2013.04.27"]
[EventType "team-tourn"]
[EventRounds "7"]
[EventCountry "CRO"]
[SourceTitle "EXT 2014"]
[Source "ChessBase"]
[SourceDate "2013.11.20"]
[SourceVersion "1"]
[SourceVersionDate "2013.11.20"]
[SourceQuality "1"]
[WhiteTeam "Novigrad"]
[BlackTeam "Jelsa"]
[WhiteTeamCountry "CRO"]
[BlackTeamCountry "CRO"]

1. e4 d6 2. d4 Nf6 3. Nc3 g6 4. Bg5 Bg7 5. Qd2 c6 6. Be2 Qa5 7. h4 Be6 8. Nh3 Qb4 9. Nf4 Nbd7 10. Nxe6 fxe6 11. h5 c5 12. h6 Bf8 13. 0-0-0 Rc8 14. a3 Qa5 15. f4 cxd4 16. Qxd4 e5 17. fxe5 Qxe5 18. Qxe5 Nxe5 19. Bb5+ Nfd7 20. Bf4 Nf7 21. Ba4 g5 22. e5 gxf4 23. e6 Nfe5 24. exd7+ Nxd7 25. Nd5 Kd8 26. Nxf4 e5 27. Ne6+ Ke7 28. Bb3 Nc5 29. Nxc5 Rxc5 30. Rdf1 d5 31. Rf5 Ke6 32. Rhh5 Bd6 33. g4 Rg8 34. Rhg5 Rxg5 35. Rxg5 Bf8 36. Rh5 Rc7 37. c3 Rf7 38. g5 Rf5 39. Bc2 Rxg5 40. Rh1 e4 41. c4 Rg6 42. cxd5+ Kxd5 43. Kd1 Rxh6 44. Rf1 Bd6 45. Rf7 Rh4 46. Ke2 Rh2+ 47. Kd1 h5 48. Rxb7 Bf4 49. Rd7+ Ke6 50. Ba4 h4 51. Rh7 e3 52. Bb5 Rd2+ 53. Ke1 Bg3+ 54. Kf1 Rf2+ 55. Kg1 e2 56. Bxe2 Rxe2 57. Rh5 Rxb2 58. a4 Kd6 59. Kf1 Kc6 60. Kg1 Kb6 61. Kf1 Ra2 62. Kg1 Rxa4 63. Kg2 a5 64. Kf3 Rc4 65. Ke3 a4 66. Kd3 Rc6 0-1

[Event "Sarajevo Bosna op-B 43rd"]
[Site "Sarajevo"]
[Date "2013.06.06"]
[Round "7"]
[White "Lazaneo, Djani Ivan"]
[Black "Zdilar, Emilija"]
[Result "0-1"]
[WhiteElo "1874"]
[BlackElo "1953"]
[PlyCount "78"]
[EventDate "2013.06.01"]
[EventType "swiss"]
[EventRounds "9"]
[EventCountry "BIH"]
[SourceTitle "CBM 154 Extra"]
[Source "ChessBase"]
[SourceDate "2013.06.25"]
[SourceVersion "2"]
[SourceVersionDate "2013.06.25"]
[SourceQuality "1"]

1. e4 e5 2. Nf3 Nc6 3. Bb5 a6 4. Ba4 Nf6 5. 0-0 b5 6. Bb3 Bc5 7. d3 h6 8. Nbd2 0-0 9. Re1 Re8 10. c3 Bb7 11. Nf1 d6 12. Be3 Qd7 13. Bxc5 dxc5 14. Ne3 Rad8 15. Bc2 a5 16. Qe2 Ba6 17. Rad1 b4 18. Nc4 Bb5 19. a4 Ba6 20. Qe3 Qe7 21. Nh4 Nd7 22. Nf5 Qf6 23. Qh3 Nf8 24. Nce3 Ne7 25. Nxe7+ Qxe7 26. Nf5 Qf6 27. Re3 Ne6 28. Rg3 Kh8 29. Rg4 Bc8 30. Rh4 Nf4 31. Qg4 Bxf5 32. exf5 bxc3 33. bxc3 Ne2+ 34. Kh1 Nxc3 35. Re1 Rd4 36. Re4 Nxe4 37. dxe4 Rd2 38. Bb3 Rxf2 39. Bc4 Rf4 0-1

[Event "Sarajevo Bosna op-B 43rd"]
[Site "Sarajevo"]
[Date "2013.06.02"]
[Round "2"]
[White "Rosic, Slavko S"]
[Black "Lazaneo, Djani Ivan"]
[Result "1-0"]
[WhiteElo "2293"]
[BlackElo "1874"]
[PlyCount "111"]
[EventDate "2013.06.01"]
[EventType "swiss"]
[EventRounds "9"]
[EventCountry "BIH"]
[SourceTitle "CBM 154 Extra"]
[Source "ChessBase"]
[SourceDate "2013.06.25"]
[SourceVersion "2"]
[SourceVersionDate "2013.06.25"]
[SourceQuality "1"]

1. e4 e5 2. Nf3 Nf6 3. Qe2 Nc6 4. g3 Bc5 5. Bg2 d6 6. h3 0-0 7. d3 Be6 8. Nc3 Re8 9. Na4 Bb6 10. a3 d5 11. Nxb6 axb6 12. 0-0 dxe4 13. dxe4 Nd4 14. Nxd4 Qxd4 15. Rd1 Qc4 16. Qxc4 Bxc4 17. Bd2 Be2 18. Re1 Bb5 19. Bc3 Nd7 20. b3 f6 21. f3 Nf8 22. Red1 Red8 23. a4 Be8 24. Kf2 Ne6 25. Ke3 g5 26. Bf1 Kg7 27. Bc4 Bf7 28. Bxe6 Bxe6 29. Rh1 h5 30. f4 exf4+ 31. gxf4 gxf4+ 32. Kxf4 Kf7 33. Raf1 Rg8 34. Rh2 Rg5 35. Rf3 Rag8 36. Rhf2 Rg2 37. Ke3 Rxf2 38. Kxf2 Rg6 39. Bd2 Ke7 40. Bf4 Kd7 41. Rc3 c6 42. Rd3+ Kc8 43. b4 Bc4 44. Rd6 Bf7 45. a5 bxa5 46. bxa5 Be8 47. Bg3 Bd7 48. e5 Bf5 49. exf6 Rg8 50. f7 Rf8 51. Rf6 Bg6 52. Rxg6 Rxf7+ 53. Ke2 Kd7 54. Rd6+ Ke7 55. a6 bxa6 56. Rxc6 1-0